| 000 | 00742nam a2200253 a 4500 | ||
|---|---|---|---|
| 008 | |||
| 020 | _a0521478529 (pbk.) | ||
| 049 | _aMAIN | ||
| 090 | _aTL671.4 | ||
| 100 | _aVinh, Nguyen X. | ||
| 245 | 0 |
_aFlight mechanics of high- performance aircraft _cNguyen X. Vinh. |
|
| 260 |
_aNew York : _bCambridge, _c1993 |
||
| 300 |
_axii, 382 p. : _bill. ; _c23cm. |
||
| 490 |
_aCambidge aerospace series ; _vno.4 |
||
| 500 | _aIncludes index. | ||
| 504 | _aIncludes bibliographical references. | ||
| 650 | _aAerodynamics | ||
| 650 | _aAirplanes -Perfomance | ||
| 907 |
_a.b10156148 _b05-09-05 _c01-03-05 |
||
| 003 | |||
| 005 | 20230123133936.0 | ||
| 040 | _cNUST | ||
| 942 |
_cBOOKS _kTL671.4 |
||
| 999 |
_c157300 _d157300 |
||